| 000 | 00964nam a2200253 i 4500 | ||
|---|---|---|---|
| 001 | IT\ICCU\BVE\0036676 | ||
| 003 | ItRI | ||
| 005 | 20260115231912.0 | ||
| 008 | 930416s1993 it |||||| ||||| |||||c | ||
| 015 |
_2IT _aEDI-498 |
||
| 020 | _a884522001X | ||
| 040 |
_bita _cimportazione bologna sebina |
||
| 041 | 7 |
_aita _2ISO-639-2 |
|
| 082 |
_a354.7300740924 _9AMMINISTRAZIONE CENTRALE STATUNITENSE. Organi di polizia. Singole persone _219 |
||
| 100 | 1 |
_aSummers, Anthony _0IT\ICCU\CFIV\013328 _4aut |
|
| 240 | 1 | 0 |
_aOfficial and confidential. - _3IT\ICCU\BVE\0036678 _9Summers, Anthony |
| 245 | 1 | 3 |
_aLa vita segreta di J. Edgar Hoover, direttore dell'F.B.I. / _cAnthony Summers. |
| 246 | 1 | 3 |
_aJ. Edgar Hoover. - _9IT\ICCU\BVE\0036679 |
| 260 |
_aMilano : _bBompiani, _c1993 |
||
| 300 |
_a529 p., \8! c. di tav. : _bill. ; _c25 cm |
||
| 500 | _aTrad. di Adriana Dell'Orto, Tilde Riva, Nicoletta Rosati. | ||
| 650 | 7 |
_aHoover, John Edgar _2scbi |
|
| 942 |
_2ddc _cBK _n0 |
||
| 999 |
_c13705 _d13705 |
||